UBT Library

Professional ethics in criminal justice : (Record no. 39848)

000 -LEADER
fixed length control field 00939cam a22002894a 4500
001 - CONTROL NUMBER
control field 15021480
005 - DATE AND TIME OF LATEST TRANSACTION
control field 20180109035650.0
008 - FIXED-LENGTH DATA ELEMENTS--GENERAL INFORMATION
fixed length control field 070925s2008 maua b 001 0 eng
010 ## - LIBRARY OF CONGRESS CONTROL NUMBER
LC control number 2007038711
015 ## - NATIONAL BIBLIOGRAPHY NUMBER
National bibliography number GBA781224
Source bnb
016 7# - NATIONAL BIBLIOGRAPHIC AGENCY CONTROL NUMBER
Record control number 014056782
Source Uk
020 ## - INTERNATIONAL STANDARD BOOK NUMBER
International Standard Book Number 9780205594092
020 ## - INTERNATIONAL STANDARD BOOK NUMBER
International Standard Book Number 0205594093
035 ## - SYSTEM CONTROL NUMBER
System control number (OCoLC)ocn173509299
035 ## - SYSTEM CONTROL NUMBER
System control number (OCoLC)173509299
040 ## - CATALOGING SOURCE
Original cataloging agency DLC
Transcribing agency DLC
Modifying agency UKM
-- BTCTA
-- BAKER
-- YDXCP
-- C#P
-- BWX
-- DLC
041 ## - LANGUAGE CODE
Language code of text/sound track or separate title eng
080 ## - UNIVERSAL DECIMAL CLASSIFICATION NUMBER
Universal Decimal Classification number 174.9364 ALB
082 00 - DEWEY DECIMAL CLASSIFICATION NUMBER
Classification number 174.9364 ALB
Edition number 22
100 1# - Rafti
Rafti 14
101 ## - Shkurtesa
Shkurtesa JUR
245 10 - TITLE STATEMENT
Title Professional ethics in criminal justice :
Statement of responsibility, etc Jay S. Albanese.
504 ## - BIBLIOGRAPHY, ETC. NOTE
Bibliography, etc Includes bibliographical references and index.
906 ## - LOCAL DATA ELEMENT F, LDF (RLIN)
a 7
b cbc
c orignew
d 1
e ecip
f 20
g y-gencatlg
942 ## - ADDED ENTRY ELEMENTS (KOHA)
Source of classification or shelving scheme
Item type Books
Holdings
Withdrawn status Lost status Source of classification or shelving scheme Damaged status Not for loan Collection code Permanent location Current location Shelving location Date acquired Total Checkouts Full call number Barcode Date last seen Price effective from Koha item type
          Koleksioni i përgjithshem UBT - Lipjan UBT - Lipjan Koleksioni i përgjithshem 01/09/2018   174.9364 ALB 002-2994306 01/09/2018 01/09/2018 Books
UBT Library © 2015-2024. All rights reserved University Education for Business and Technology